00912nam a2200229 4500003000900000005001700009008004100026040004300067082002400110100007100134245010200205264005800307300002300365336002200388337002400410338003300434504003600467650005600503651001000559700005600569856005700625EG-GICUC20260121101355.0251127s1919 uk ||||fr|||| 00| 0 eng d aEG-GiCUCbengcEG-GiCUCdEG-GiCUCerda04221a341.22bB U . H1 aButler, Geoffrey G.cSir,d1887-1929q(Geoffrey Gilbert),eAuthor.12aA handbook to the League of Nations /cby Geoffrey Butler ; with an introduction by Robert Cecil. 1aLondon ;aNew York :bLongmans, Green and Co.,c1919. a80 pages ;c24 cm. 2rda contentatext 2rda mediaaComputer 2rda carrieraOnline Resource aRéférences bibliographiques1 2qrmakaLeague of Nations xPublic international law1 2qrmak1 aCecilو Robert cViscount,d1864-1958,eContributor40uhttps://fll.law.cu.edu.eg/fulltext/bks/B11-05970.pdf